Pamätnica Vysokej školy ekonomickej v Bratislave 1940-1990

Saved in:
Bibliographic Details
Format: Book
Language:Slovak
Published: Bratislava Spektrum 1990
Edition:1. vyd.
Tags: Add Tag
No Tags, Be the first to tag this record!

MARC

LEADER 00000nam a2200000 4500
001 c034367
005 20221128073539.5
041 0 |a slo 
044 |a SK 
245 1 0 |a Pamätnica Vysokej školy ekonomickej v Bratislave  |b 1940-1990 
250 |a 1. vyd. 
264 1 |a Bratislava  |b Spektrum  |c 1990 
300 |a 199 s.